| 000 | 00507nam a22001937a 4500 | ||
|---|---|---|---|
| 005 | 20150520104603.0 | ||
| 008 | 111027s2012 nyua b 001 0 eng | ||
| 020 | _a9780071787123 | ||
| 024 | 0 | _ceng | |
| 080 | _a316.46 | ||
| 100 | 1 | _aBurnison, Gary, | |
| 245 | 1 | 4 |
_aThe twelve absolutes of leadership / _cGary Burnison. |
| 250 | _b1 st.ed.: | ||
| 260 |
_aNew York : _bMcGraw-Hill, _c2012. |
||
| 300 |
_a214 f. : _bme il.; _c23 cm. |
||
| 504 | _aIndex f. 209-214 | ||
| 650 | 0 | _aUdhëheqja | |
| 942 |
_2udc _cBK |
||
| 999 |
_c495 _d495 |
||